=LDR 00000nam 2200000 4500 =001 INLIS000000000041959 =005 20130612151448 =008 ***********************************Ind** =035 ##$$a0010-061300000041959 =041 ##$$a Ind =082 ##$$a 808.1 =090 ##$$a 808, Den a =100 ##$$a Denny JA =245 ##$$a Atas nama cinta : Sebuah puisi esai, Denny JA =260 ##$$a 2012 $b Jakarta =300 ##$$a 215 hlm., ilus, 19 x 21 cm =650 ##$$a Puisi - Kumpulan =850 ##$$a NBPNMAT =990 ##$$a 21400613/BPAP-NTB/20142014